000 00331nam a2200145Ia 4500
100 _aTocci/R.J/ Laskowski/L.P
250 _a3
942 _cBK
654 _amicroprocessor
245 _aMicroprocessor and microcomputer
260 _bprentice
_aNew Jersey
_c1987
082 _a621.3819
_bTOC
300 _a480
546 _aENGLISH
999 _c23205
_d23205